Notas autobiográficas y apuntes históricos sobre la República Dominicana desde la Restauración a nuestros dias / (Record no. 33093)
[ view plain ]
| 000 -CABECERA | |
|---|---|
| campo de control de longitud fija | 00583nam a2200157 a 4500 |
| 001 - NÚMERO DE CONTROL | |
| campo de control | 000033602 |
| 005 - FECHA Y HORA DE LA ÚLTIMA TRANSACCIÓN | |
| campo de control | 20240401203610.0 |
| 008 - DATOS DE LONGITUD FIJA--INFORMACIÓN GENERAL | |
| campo de control de longitud fija | 110901s1895 pr 000 0 spa d |
| 040 ## - FUENTE DE LA CATALOGACIÓN | |
| Centro catalogador/agencia de origen | DO-SdBNP |
| Lengua de catalogación | spa |
| Centro/agencia transcriptor | BNPHU |
| 082 ## - NÚMERO DE LA CLASIFICACIÓN DECIMAL DEWEY | |
| Número de clasificación | xxx |
| Número de documento/Ítem | L965n |
| 100 1# - ENTRADA PRINCIPAL--NOMBRE DE PERSONA | |
| Nombre de persona | Luperón, Gregorio, |
| Fechas asociadas al nombre | 1839-1897 |
| 9 (RLIN) | 888 |
| 245 10 - MENCIÓN DE TÍTULO | |
| Título | Notas autobiográficas y apuntes históricos sobre la República Dominicana desde la Restauración a nuestros dias / |
| Mención de responsabilidad, etc. | Gregorio Luperón. |
| 260 ## - PUBLICACIÓN, DISTRIBUCIÓN, ETC. | |
| Lugar de publicación, distribución, etc. | Ponce, Puerto Rico : |
| Nombre del editor, distribuidor, etc. | Imprenta y Librería de M. López, |
| Fecha de publicación, distribución, etc. | 1895. |
| 300 ## - DESCRIPCIÓN FÍSICA | |
| Extensión | v. ; |
| Dimensiones | 22 cm. |
| 500 ## - NOTA GENERAL | |
| Nota general | La biblioteca posee el tomo 3 |
| Estado de retiro | Estado de pérdida | Restricciones de uso | No para préstamo | Código de colección | Localización permanente | Ubicación/localización actual | Ubicación en estantería | Fecha de adquisición | Número de inventario | Total de préstamos | Signatura topográfica completa | Código de barras | Fecha visto por última vez | Precio válido a partir de | Tipo de ítem Koha | Nota pública |
|---|---|---|---|---|---|---|---|---|---|---|---|---|---|---|---|---|
| Excluido de préstamo | Raros y valiosos | Patrimonio Dominicano | Patrimonio Dominicano | En catalogación | 01.09.2011 | LF1 | xxx L965n | 33602-10 | 25.06.2020 | 25.06.2020 | No se presta | Perteneció a la biblioteca personal de Julio Ortega Frier | ||||
| Monografías: Libros y Folletos | Patrimonio Dominicano | Patrimonio Dominicano | Orden iniciada | 01.09.2011 | LF1 | xxx L965n | 33603-10 | 25.06.2020 | 25.06.2020 | No se presta |
